000 00323nam a22001457a 4500
008 210312b ||||| |||| 00| 0 eng d
020 _a9780300056495
041 _aeng
080 _a7
082 _a7
100 _a44
101 _aART
245 _aPainting and Sculpture in Europe
_cHamilton, G. H
942 _2udc
_cBK
999 _c56534
_d56534